000 01313nam0a22002651 4500
001 rc\969481
005 20250622062059.0
035 _a(NLR Aleph) 006138542
090 _a5636838
_c5636838
100 _a20041129d1982 |||y0rusy50 ca
101 0 _arus
102 _aRU
105 _ay |||||||||
200 1 _aОсобенности определения экономической эффективности внедрения новой техники в плодоовощной промышленности
_f[Голикова О.А., Викулина Г.П., Никонова Т.И.]
210 _aМ.
_cЦНИИТЭИпищепром
_d1982
215 _a19 с.
_d20
225 1 _aПищевая промышленность
_hСерия 4
_iКонсервная, овощесушильная и пищеконцентратная промышленность
_eОбзор. информ.
_fЦНИИ информ. и техн.-экон. исслед. пищ. пром-сти
_vВып. 10
300 _aВ надзаг. также: М-во пищ. пром-сти СССР
320 _aБиблиогр.: с. 19
700 1 _aГоликова
_bО.А.
_gОльга Александровна
801 0 _aRU
_bNLR
_gpsbo
801 1 _aRU
_bELAR
_2rusmarc
852 _aNLR
_jП10/5610
942 _cBOOK
980 _aNB